000 01053cab a2200361 4500
001 ABS54680
008 090401t1996 xxu||||| |||| 00| 0 eng d
035 _a(Sirsi) u11730
041 _aeng
245 _aFocus` 96: Birmingham
260 _c1996
350 _a0
490 _aEstates Gazette
_v(9612) 23 March 1996, 69-118(21)
650 _aBIRMINGHAM
650 _aBUILDING CONSERVATION
650 _aBULL RING
650 _aCANALS
650 _aCAR PARKING
650 _aDIGBETH
650 _aHOTELS
650 _aINDUSTRIAL MARKET
650 _aLEISURE
650 _aPROPERTY-COMMERCIAL PROPERTY-OFFICE PROPERTY-OFFICE PROPERTY MARKET
650 _aPROPERTY-COMMERCIAL PROPERTY-RETAIL PROPERTY-RETAIL PROPERTY MARKET
650 _aPROPERTY-INFRASTRUCTURE-TRANSPORT INFRASTRUCTURE-ROAD INFRASTRUCTURE
650 _aTOURISM
650 _aTRAFFIC CONGESTION
650 _aWATERWAYS
650 _aWEST MIDLANDS
690 _aPROPERTY-COMMERCIAL PROPERTY-COMMERCIAL PROPERTY MARKET
942 _n0
948 _c04/03/1997
999 _c7490
_d7490